MARC details
| 000 -CABECERA |
| campo de control de longitud fija |
00978cam a2200265 a 4500 |
| 001 - NÚMERO DE CONTROL |
| campo de control |
000017989 |
| 005 - FECHA Y HORA DE LA ÚLTIMA TRANSACCIÓN |
| campo de control |
20200929165315.0 |
| 008 - DATOS DE LONGITUD FIJA--INFORMACIÓN GENERAL |
| campo de control de longitud fija |
050818s2002 pr b 000 0 spa d |
| 020 ## - NÚMERO INTERNACIONAL ESTÁNDAR DEL LIBRO |
| Número Internacional Estándar del Libro |
1881715736 |
| 040 ## - FUENTE DE LA CATALOGACIÓN |
| Centro catalogador/agencia de origen |
DO-SdBNP |
| Lengua de catalogación |
spa |
| Centro/agencia transcriptor |
DLC |
| Centro/agencia modificador |
BNPHU |
| 082 ## - NÚMERO DE LA CLASIFICACIÓN DECIMAL DEWEY |
| Número de clasificación |
808.3 |
| Número de documento/Ítem |
G216At |
| 049 ## - FONDOS LOCALES (OCLC) |
| Fondos de biblioteca |
BNGR |
| 100 1# - ENTRADA PRINCIPAL--NOMBRE DE PERSONA |
| Nombre de persona |
Aquino Pérez, Alexis, |
| Fechas asociadas al nombre |
1968- |
| 9 (RLIN) |
38999 |
| 245 10 - MENCIÓN DE TÍTULO |
| Título |
Tragedia y ficción legal en Crónica de una muerte anunciada / |
| Mención de responsabilidad, etc. |
Alexis Aquino Pérez. |
| 260 ## - PUBLICACIÓN, DISTRIBUCIÓN, ETC. |
| Lugar de publicación, distribución, etc. |
[Puerto Rico] : |
| Nombre del editor, distribuidor, etc. |
Fundación Puertorriqueña de las Humanidades, |
| Fecha de publicación, distribución, etc. |
2002. |
| 300 ## - DESCRIPCIÓN FÍSICA |
| Extensión |
102 p. ; |
| Dimensiones |
24 cm. |
| 490 1# - MENCIÓN DE SERIE |
| Mención de serie |
Dr. Arturo Morales Carrión |
| 504 ## - NOTA DE BIBLIOGRAFÍA, ETC. |
| Nota de bibliografía, etc. |
Incluye referencias bibliográficas (p. 98-102). |
| 600 14 - PUNTO DE ACCESO ADICIONAL DE MATERIA--NOMBRE DE PERSONA |
| Nombre de persona |
GARCÍA MÁRQUEZ, GABRIEL, |
| Fechas asociadas al nombre |
1928- |
| Título de la obra |
CRÓNICA DE UNA MUERTE ANUNCIADA |
| 9 (RLIN) |
39000 |
| 600 14 - PUNTO DE ACCESO ADICIONAL DE MATERIA--NOMBRE DE PERSONA |
| Nombre de persona |
ARISTÓTELES |
| Subdivisión general |
CRÍTICA E INTERPRETACIÓN |
| 9 (RLIN) |
39001 |
| 650 #4 - PUNTO DE ACCESO ADICIONAL DE MATERIA--TÉRMINO DE MATERIA |
| Término de materia o nombre geográfico como elemento de entrada |
Retórica |
| 9 (RLIN) |
6217 |
| 650 #4 - PUNTO DE ACCESO ADICIONAL DE MATERIA--TÉRMINO DE MATERIA |
| Término de materia o nombre geográfico como elemento de entrada |
Tragedia |
| 9 (RLIN) |
39002 |
| 830 #0 - PUNTO DE ACCESO ADICIONAL DE SERIE-TÍTULO UNIFORME |
| Título uniforme |
Dr. Arturo Morales Carrión |
| 9 (RLIN) |
8826 |
| 910 ## - DATOS DE OPCIÓN DEL USUARIO (OCLC) |
| Datos de opción del usuario |
Catalogación por copia / LC |